| 000 | 00344cam a22001217a 4500 | ||
|---|---|---|---|
| 008 | 180718b1981 xxu||||| |||| 00| 0 eng d | ||
| 082 | _aA8X54 In2s/81 | ||
| 100 | _aIndian Oxygen Limited | ||
| 245 |
_aIndia;a statistical outline _cby Indian Oxygen Limited |
||
| 260 |
_aNew Delhi _bOxford _c1981 |
||
| 300 | _a203p. | ||
| 650 | _aIndia -Statistics. | ||
| 999 |
_c413975 _d413975 |
||